Figures à la roulette anglaise - Statistiques

Statistiques générales
  • Ce quiz a été pris 89 fois
  • Le résultat moyen est 13 sur 20
Statistiques - réponses
Figure Résultat % Correct
4 carrés, 4 chevaux 100
100%
4 chevaux, 1 plein 103
100%
5 chevaux, 1 plein 120
100%
1 sixain, 2 transversales, 2 carrés, 3 chevaux, 1 plein 129
100%
1 carré; 1 cheval 25
100%
1 carré, 1 plein 43
100%
2 carrés, 1 plein 51
100%
1 cheval, 1 plein 52
100%
2 chevaux, 1 plein 69
100%
3 carrés, 3 chevaux 75
100%
1 carré, 2 chevaux, 1 plein 77
100%
3 chevaux, 1 plein 86
92%
1 sixain, 1 transversale 16
90%
2 carrés, 1 cheval 33
88%
2 carrés, 3 chevaux, 1 plein 102
86%
Complet du 30 123
86%
1 sixain, 1 carré, 1 cheval 30
86%
5 carrés, 5 chevaux 125
83%
2 sixains, 1 transversale 21
83%
2 carrés, 2 chevaux 50
83%
4 carrés, 1 plein 67
83%
4 carrés, 4 chevaux, 1 plein 135
80%
Complet du 25 123
75%
Complet du 14 156
75%
1 carré, 1 cheval, 1 plein 60
71%
Complet du 12 123
67%
Complet du 27 123
67%
Complet du 20 156
67%
2 sixains, 1 transversale, 2 carrés, 3 chevaux, 1 plein 123
63%
Complet du 6 123
60%
1 sixain, 1 transversale, 1 carré, 2 chevaux, 1 plein 93
60%
Complet du 17 156
58%
Complet du 7 123
57%
Complet du 28 123
57%
Complet du 5 156
56%
Complet du 13 123
55%
2 transversales, 1 carré, 3 chevaux, 1 plein 116
50%
Complet du 4 123
50%
Complet du 24 123
50%
Complet du 31 123
50%
Complet du 34 93
50%
Complet du 36 93
44%
Complet du 9 123
43%
Complet du 10 123
40%
Complet du 33 123
40%
Complet du 35 118
38%
Complet du 29 156
38%
Complet du 26 156
36%
1 sixain, 1 transversale, 2 carrés, 3 chevaux, 1 plein 118
33%
Complet du 16 123
33%
Complet du 18 123
33%
Complet du 8 156
33%
Complet du 23 156
33%
Complet du 19 123
25%
Complet du 22 123
25%
Complet du 3 129
25%
Complet du 11 156
25%
2 sixains, 1 transversale, 4 carrés, 4 chevaux, 1 plein 156
25%
1 sixain, 3 transversales, 3 carrés, 4 chevaux, 1 plein 165
25%
Complet du 21 123
20%
Complet du 1er 129
20%
Complet du 15 123
17%
Complet du 0 116
0%
Complet du 32 156
0%
Complet du 2 165
0%
Aucun quiz correspondant
Distribution des résultats
% des personnes avec chaque résultat
Percentile par nombre de réponses
Votre historique - résultats
Vous n’avez pas pris ce quiz